[Event "23rd WCh U20 Girls"]
[Site "Istanbul TUR"]
[Date "2005.11.20"]
[Round "11"]
[White "Ciobanu, Camelia"]
[Black "Xu Ruoyin"]
[Result "1-0"]
[WhiteElo "2262"]
[BlackElo "2079"]
[EventDate "2005.11.09"]
[PlyCount "91"]

1.e4 e5 2.Nf3 Nf6 3.Nxe5 d6 4.Nf3 Nxe4 5.d4 d5 6.Bd3 Bd6 7.O-O O-O 8.c4 c6
9.Nc3 Nxc3 10.bxc3 dxc4 11.Bxc4 Bg4 12.Rb1 Qc7 13.h3 Bf5 14.Bd3 Bxd3 15.
Qxd3 Nd7 16.a4 b6 17.c4 h6 18.Nh4 Rfe8 19.Nf5 Bf8 20.Qf3 Re6 21.d5 cxd5 
22.cxd5 Rg6 23.d6 Qd8 24.Ne7+ Bxe7 25.dxe7 Qe8 26.Re1 Rc8 27.Qb7 Rgc6 28.
Ba3 R8c7 29.Qa6 Nc5 30.Bxc5 Rxc5 31.Qe2 Rd7 32.Rbd1 Rcc7 33.Rxd7 Rxd7 34.
Qb5 Qxe7 35.Rxe7 Rxe7 36.f3 f6 37.Qd5+ Kf8 38.Kf2 Re5 39.Qd8+ Kf7 40.Qd7+ 
Re7 41.Qd5+ Kf8 42.f4 g6 43.g4 Kg7 44.h4 Rf7 45.h5 g5 46.Qf5 1-0

[Event "23rd WCh U20 Girls"]
[Site "Istanbul TUR"]
[Date "2005.11.20"]
[Round "11"]
[White "Gilbert, Jessie"]
[Black "Alimova, Maral"]
[Result "1/2-1/2"]
[WhiteElo "2148"]
[BlackElo "2053"]
[EventDate "2005.11.09"]
[PlyCount "181"]

1.d4 d5 2.c4 e6 3.Nc3 Nf6 4.cxd5 exd5 5.Bg5 Be7 6.e3 O-O 7.h3 Nbd7 8.Nf3 
c6 9.Bd3 Re8 10.Qc2 Nf8 11.O-O Ne4 12.Bf4 f5 13.Ne5 Ng6 14.Nxg6 hxg6 15.f3
Nf6 16.Be5 Bd6 17.f4 Ne4 18.Rab1 a5 19.Bxe4 dxe4 20.a3 Be6 21.Rfd1 Kh7 22.
b4 axb4 23.axb4 g5 24.Bxd6 Qxd6 25.fxg5 Qg3 26.Qf2 Qxg5 27.h4 Qg4 28.b5 
Ra3 29.Rdc1 Rf8 30.bxc6 bxc6 31.Rb6 Bd5 32.g3 Rfa8 33.Kh2 Ra1 34.Rxa1 Rxa1
35.Rb1 Ra3 36.Nxd5 cxd5 37.Rb5 Ra1 38.Rxd5 f4 39.gxf4 Qd1 40.Kg3 Qh1 41.
Kg4 Rg1+ 42.Kf5 Rg2 43.Qxg2 Qxg2 44.h5 Qf3 45.Re5 Qxe3 46.Rxe4 Qh3+ 47.Kg5
Qg2+ 48.Kf5 Kh6 49.Re5 Kxh5 50.Ke6+ Kh6 51.f5 Qc6+ 52.Ke7 Qc7+ 53.Ke6 Qc6+
54.Ke7 Kh7 55.Re6 Qd5 56.f6 gxf6 57.Rxf6 Qxd4 58.Ke6 Kg7 59.Rf5 Kg6 60.Re5
Qc4+ 61.Rd5 Qf4 62.Re5 Qf7+ 63.Kd6 Kf6 64.Re4 Kf5 65.Re5+ Kf4 66.Rd5 Qf6+ 
67.Kc5 Ke4 68.Rd6 Qc3+ 69.Kb5 Ke5 70.Rd7 Ke6 71.Rb7 Kd6 72.Rb6+ Kc7 73.Ra6
Qe5+ 74.Kb4 Qd4+ 75.Kb5 Kb7 76.Ra4 Qd5+ 77.Kb4 Kb6 78.Kc3 Kb5 79.Rb4+ Kc5 
80.Ra4 Qf3+ 81.Kd2 Kb5 82.Rd4 Kc5 83.Ra4 Qb3 84.Re4 Kd5 85.Rf4 Ke5 86.Rg4 
Qf3 87.Rc4 Kd5 88.Rb4 Qg3 89.Ra4 Kc5 90.Re4 Qf3 91.Ra4 1/2-1/2

[Event "23rd WCh U20 Girls"]
[Site "Istanbul TUR"]
[Date "2005.11.20"]
[Round "11"]
[White "Gutierrez Castillo, Paloma"]
[Black "Andriasian, Siranush"]
[Result "0-1"]
[WhiteElo "2127"]
[BlackElo "2263"]
[EventDate "2005.11.09"]
[PlyCount "108"]

1.e4 e5 2.Nf3 Nc6 3.Bc4 Nf6 4.d3 Bc5 5.Bb3 d6 6.c3 a6 7.Nbd2 Ba7 8.Nf1 O-O
9.Ng3 Kh8 10.O-O Bg4 11.h3 Be6 12.Ng5 Qe7 13.Kh1 Bxb3 14.Qxb3 Qd7 15.f4 h6
16.Nf3 exf4 17.Bxf4 Ne7 18.Qd1 Ng6 19.Nh2 Nxf4 20.Rxf4 Qe6 21.Qd2 Rae8 22.
Raf1 Nh7 23.Ng4 Qg6 24.Rf5 Ng5 25.Qf4 f6 26.h4 Ne6 27.Qf3 c6 28.Nh5 Ng5 
29.hxg5 Qxh5+ 30.Qh3 Qxh3+ 31.gxh3 hxg5 32.Kg2 Kh7 33.R1f3 Kg6 34.Kf1 Bb8 
35.Kf2 Rh8 36.Kf1 d5 37.exd5 Bf4 38.R5xf4 gxf4 39.dxc6 bxc6 40.d4 Kg5 41.
c4 Re4 42.Rd3 Rhe8 43.Rd2 f3 44.d5 cxd5 45.cxd5 Re1+ 46.Kf2 R1e2+ 47.Rxe2 
fxe2 48.Ke1 Kf4 49.d6 Kf3 50.Nh2+ Kg3 51.Ng4 Kxh3 52.Nf2+ Kg2 53.Nd3 Rd8 
54.Kxe2 Rxd6 0-1

[Event "23rd WCh U20 Girls"]
[Site "Istanbul TUR"]
[Date "2005.11.20"]
[Round "11"]
[White "Kadziolka, Beata"]
[Black "Zawadzka, Jolanta"]
[Result "1/2-1/2"]
[WhiteElo "2352"]
[BlackElo "2381"]
[EventDate "2005.11.09"]
[PlyCount "94"]

1.d4 Nf6 2.Nf3 g6 3.g3 Bg7 4.Bg2 O-O 5.O-O d6 6.a4 a5 7.Re1 Nbd7 8.e4 e5 
9.Nc3 Re8 10.h3 b6 11.Bg5 h6 12.Be3 Bb7 13.Nh2 Rb8 14.Qd2 exd4 15.Bxd4 Nc5
16.f3 Kh7 17.Rad1 Ne6 18.Be3 Nd7 19.b3 Nec5 20.Nb5 Re7 21.Ng4 h5 22.Nf2 
Be5 23.f4 Bg7 24.Bd4 Bxd4 25.Qxd4 Nf8 26.Qd2 Qe8 27.Nc3 Rd8 28.g4 f6 29.
Kh2 Qf7 30.Bf1 h4 31.Bc4 Qg7 32.Nd5 Bxd5 33.exd5 Rde8 34.Bb5 Rxe1 35.Rxe1 
Re7 36.Re3 Qf7 37.Qe1 Rxe3 38.Qxe3 Kg8 39.Ne4 Qe7 40.Bd3 Nfd7 41.Qd4 Nxe4 
42.Qxe4 Qxe4 43.Bxe4 g5 44.f5 Kf7 45.Kg2 Nc5 46.Kf3 Ke7 47.Ke3 Kd7 1/2-1/2

[Event "23rd WCh U20 Girls"]
[Site "Istanbul TUR"]
[Date "2005.11.20"]
[Round "11"]
[White "Melia, Salome"]
[Black "Karavade, Eesha"]
[Result "1/2-1/2"]
[WhiteElo "2318"]
[BlackElo "2348"]
[EventDate "2005.11.09"]
[PlyCount "54"]

1.e4 e5 2.Nf3 Nc6 3.Bb5 Nf6 4.O-O Nxe4 5.d4 Nd6 6.Bxc6 dxc6 7.dxe5 Nf5 8.
Qxd8+ Kxd8 9.Nc3 Bd7 10.Bf4 h6 11.Rad1 Kc8 12.Ne4 b6 13.c4 c5 14.h3 Ne7 
15.Bd2 Be6 16.b3 Ng6 17.Rfe1 a5 18.Nc3 Kb7 19.Nh2 h5 20.Nf3 Be7 21.Bg5 
Rhd8 22.Bxe7 Nxe7 23.Kh2 Nf5 24.g3 Kc6 25.Kg2 Nd4 26.Ng5 Rd7 27.Rd2 Rad8 
1/2-1/2

[Event "23rd WCh U20 Girls"]
[Site "Istanbul TUR"]
[Date "2005.11.20"]
[Round "11"]
[White "Mezioud, Amina"]
[Black "Bensdorp, Marlies"]
[Result "0-1"]
[WhiteElo "1978"]
[BlackElo "2199"]
[EventDate "2005.11.09"]
[PlyCount "109"]

1.e4 c5 2.Nf3 Nc6 3.d4 cxd4 4.Nxd4 Nf6 5.Nc3 e5 6.Ndb5 d6 7.Bd3 a6 8.Na3 
b5 9.Ne2 Be7 10.O-O O-O 11.c3 Be6 12.Nc2 d5 13.Ng3 Qd7 14.Be3 Rfd8 15.Bb6 
Re8 16.Be3 Rad8 17.f3 dxe4 18.Bxe4 Qxd1 19.Rfxd1 Rxd1+ 20.Rxd1 Nxe4 21.
fxe4 Bxa2 22.Ra1 Bb3 23.Ne1 a5 24.Nf5 Bf8 25.Nd3 Rd8 26.Nf2 a4 27.Kf1 Rd7 
28.Ke1 Na5 29.Ke2 Nc4 30.Rb1 Nxe3 31.Nxe3 f6 32.Nd3 Kf7 33.g4 Ke6 34.h4 g6
35.Rf1 Rc7 36.g5 Be7 37.Nd5 Bxd5 38.exd5+ Kxd5 39.gxf6 Bf8 40.Ke3 Ke6 41.
f7 Rxf7 42.Rxf7 Kxf7 43.Nxe5+ Ke6 44.Ke4 Be7 45.Nf3 Kd6 46.Nd4 Kc5 47.Nf3 
Bf6 48.Ke3 b4 49.Nd2 Bxh4 50.Ne4+ Kb5 51.Nd6+ Kc6 52.Nc4 bxc3 53.bxc3 Bf6 
54.Kd3 h5 55.Ne3 0-1

[Event "23rd WCh U20 Girls"]
[Site "Istanbul TUR"]
[Date "2005.11.20"]
[Round "11"]
[White "Kruttika, Nadig"]
[Black "Khukhashvili, Sopiko"]
[Result "1-0"]
[WhiteElo "2224"]
[BlackElo "2362"]
[EventDate "2005.11.09"]
[PlyCount "81"]

1.e4 c5 2.Nf3 d6 3.d4 cxd4 4.Nxd4 Nf6 5.Nc3 Nc6 6.Bc4 e6 7.Be3 a6 8.Qe2 
Qc7 9.Bb3 Na5 10.O-O b5 11.a3 Bb7 12.f3 g6 13.Qd2 Nc4 14.Bxc4 Qxc4 15.Rad1
h6 16.Bf2 Be7 17.Nb3 Qc7 18.Be3 g5 19.Qf2 Nd7 20.f4 g4 21.Bd4 Rg8 22.f5 e5
23.Be3 h5 24.Qd2 Nf6 25.Nd5 Bxd5 26.exd5 Bd8 27.Qd3 Qb7 28.Kh1 Rc8 29.Bf2 
g3 30.Bxg3 Rc4 31.Be1 Rcg4 32.Rd2 a5 33.h3 Re4 34.Rd1 a4 35.Na5 Qb6 36.Nc6
Re3 37.Qd2 Rxh3+ 38.gxh3 Ne4 39.Qe2 Ng3+ 40.Bxg3 Rxg3 41.Rd3 1-0

[Event "23rd WCh U20 Girls"]
[Site "Istanbul TUR"]
[Date "2005.11.20"]
[Round "11"]
[White "Ortiz Aguirre, Nadya Karolina"]
[Black "Zhang Xiaowen"]
[Result "1-0"]
[WhiteElo "2218"]
[BlackElo "2153"]
[EventDate "2005.11.09"]
[PlyCount "61"]

1.e4 e6 2.d4 d5 3.e5 c5 4.c3 Nc6 5.Nf3 Bd7 6.a3 Nge7 7.b4 cxd4 8.cxd4 b5 
9.Nc3 Qb6 10.Bxb5 Nxe5 11.Bxd7+ Nxd7 12.O-O g6 13.a4 Rc8 14.Qd3 Rc4 15.b5 
Qc7 16.Ne2 Bg7 17.Nd2 Rc2 18.Ba3 Bh6 19.f4 e5 20.Rac1 Rxc1 21.Rxc1 Qb6 22.
a5 Qxa5 23.dxe5 Nxe5 24.Qh3 Nf5 25.Nd4 Nf3+ 26.N2xf3 Qxa3 27.Re1+ Kf8 28.
Nxf5 Bxf4 29.Qh4 Bxh2+ 30.Qxh2 gxf5 31.Qh6+ 1-0

[Event "23rd WCh U20 Girls"]
[Site "Istanbul TUR"]
[Date "2005.11.20"]
[Round "11"]
[White "Pahtz, Elisabeth"]
[Black "Vasilevich, Irina"]
[Result "1-0"]
[WhiteElo "2408"]
[BlackElo "2383"]
[EventDate "2005.11.09"]
[PlyCount "69"]

1.e4 c5 2.Nf3 e6 3.d4 cxd4 4.Nxd4 Nc6 5.Nc3 a6 6.Be3 Nf6 7.Be2 Qc7 8.O-O 
Bb4 9.Na4 O-O 10.c4 Bd6 11.Nxc6 bxc6 12.g3 Nxe4 13.c5 Be7 14.Bd3 Nf6 15.
Bf4 Qd8 16.Nb6 Ra7 17.Qc2 h6 18.b4 Nd5 19.Nxd5 cxd5 20.a4 Bf6 21.Rae1 Re8 
22.Bd6 Bb7 23.f4 Ra8 24.Qe2 Qc8 25.Qh5 Bd4+ 26.Kg2 Bc3 27.Re2 d4+ 28.Kh3 
f5 29.g4 Qd8 30.gxf5 exf5 31.Qxf5 Rxe2 32.Qh7+ Kf7 33.Bxe2 d3 34.Bh5+ Ke6 
35.Qxd3 1-0

[Event "23rd WCh U20 Girls"]
[Site "Istanbul TUR"]
[Date "2005.11.20"]
[Round "11"]
[White "Paridar, Shadi"]
[Black "Tilenbaeva, Janyl"]
[Result "0-1"]
[WhiteElo "2237"]
[BlackElo "2019"]
[EventDate "2005.11.09"]
[PlyCount "107"]

1.e4 c6 2.d4 d5 3.exd5 cxd5 4.c4 Nf6 5.Nc3 e6 6.Nf3 Nc6 7.Bd3 dxc4 8.Bxc4 
Be7 9.O-O O-O 10.a3 a6 11.Qd3 b5 12.Ba2 Bb7 13.Bg5 Qb6 14.Rad1 Rad8 15.Bb3
g6 16.Qe3 Na5 17.Ba2 Rfe8 18.Ne5 Nc4 19.Bxc4 bxc4 20.Qf4 Kg7 21.Bh6+ Kg8 
22.Bg5 Kg7 23.Na4 Qd6 24.Nc5 Bd5 25.f3 Ng8 26.Qxf7+ Kh8 27.Bxe7 Rxe7 28.
Qf4 Kg7 29.Ne4 Qb6 30.Ng4 Qxb2 31.Qe5+ Kf7 32.Qf4+ Kg7 33.Qe5+ Kf7 34.Qf4+
Kg7 35.Qg5 Rb8 36.Nef6 h6 37.Qe5 Kf8 38.Nxg8 Kxg8 39.Qf6 Rh7 40.Qxg6+ Rg7 
41.Qxh6 Rxg4 42.Rd2 Rg7 43.Rxb2 Rxb2 44.g3 Rb3 45.a4 c3 46.Qc1 Rc7 47.Qf4 
Rc6 48.Qg5+ Kf7 49.Qh5+ Ke7 50.Qh7+ Kd6 51.Qh8 Kc7 52.Qh7+ Kb6 53.Qd7 a5 
54.Qd8+ 0-1

[Event "23rd WCh U20 Girls"]
[Site "Istanbul TUR"]
[Date "2005.11.20"]
[Round "11"]
[White "Plazaola, Maria de los Angeles"]
[Black "Motoc, Alina"]
[Result "0-1"]
[WhiteElo "2087"]
[BlackElo "2313"]
[EventDate "2005.11.09"]
[PlyCount "58"]

1.e4 c5 2.Nf3 d6 3.d4 Nf6 4.Nc3 cxd4 5.Nxd4 a6 6.Bc4 e6 7.Bb3 Nc6 8.O-O 
Qc7 9.Be3 Na5 10.f4 b5 11.Qf3 Bb7 12.a3 Nxb3 13.cxb3 Be7 14.Rac1 Qd7 15.g4
d5 16.e5 Ne4 17.Nce2 Rc8 18.Rxc8+ Bxc8 19.f5 O-O 20.Ng3 Qc7 21.f6 gxf6 22.
exf6 Nxf6 23.Bh6 Qb6 24.Qf4 Ne4 25.Ne2 e5 26.Qxe5 Qxh6 27.Qxe7 Qe3+ 28.Kg2
Bxg4 29.Rf4 Qh3+ 0-1

[Event "23rd WCh U20 Girls"]
[Site "Istanbul TUR"]
[Date "2005.11.20"]
[Round "11"]
[White "Purtseladze, Maka"]
[Black "Liu Pei"]
[Result "1-0"]
[WhiteElo "2338"]
[BlackElo "2283"]
[EventDate "2005.11.09"]
[PlyCount "79"]

1.d4 d5 2.c4 c6 3.Nf3 Nf6 4.e3 e6 5.Bd3 Nbd7 6.Nbd2 Bd6 7.O-O O-O 8.e4 
dxe4 9.Nxe4 Nxe4 10.Bxe4 h6 11.Bc2 e5 12.c5 Bc7 13.Be3 f5 14.dxe5 Nxe5 15.
Bb3+ Kh8 16.Nxe5 Bxe5 17.Qxd8 Rxd8 18.Rad1 Re8 19.Bd4 Bxd4 20.Rxd4 Be6 21.
Bxe6 Rxe6 22.g3 Rae8 23.Kg2 R8e7 24.Rfd1 Re2 25.R1d2 Rxd2 26.Rxd2 Kh7 27.
h4 g6 28.b4 Kg7 29.Rd6 h5 30.Kf3 Kf7 31.Kf4 Re6 32.Rxe6 Kxe6 33.Kg5 Kf7 
34.a4 a6 35.a5 Kg7 36.f3 Kf7 37.Kh6 f4 38.gxf4 Kf6 39.Kh7 Kf7 40.f5 1-0

[Event "23rd WCh U20 Girls"]
[Site "Istanbul TUR"]
[Date "2005.11.20"]
[Round "11"]
[White "Raghavi, Nagarajan"]
[Black "Dudas, Eszter"]
[Result "0-1"]
[WhiteElo "2104"]
[BlackElo "2010"]
[EventDate "2005.11.09"]
[PlyCount "72"]

1.e4 e6 2.d3 d5 3.Nd2 c5 4.Ngf3 Nc6 5.g3 Bd6 6.Bg2 Nge7 7.O-O O-O 8.c3 Qc7
9.Re1 Bd7 10.Qe2 f6 11.Nh4 d4 12.f4 e5 13.f5 b5 14.c4 Nb4 15.Rf1 a5 16.g4 
bxc4 17.Nxc4 Bb5 18.g5 Nc8 19.a3 Nc6 20.Qh5 Bxc4 21.dxc4 Nb6 22.Rf3 fxg5 
23.Bxg5 Be7 24.Bxe7 Nxe7 25.Ng6 hxg6 26.fxg6 Rxf3 27.Qh7+ Kf8 28.Bxf3 Qd6 
29.Bh5 Nd7 30.Rf1+ Nf6 31.h4 Rb8 32.Bd1 Qe6 33.h5 Qg8 34.h6 Qxh7 35.gxh7 
Kf7 36.Bg4 Rh8 0-1

[Event "23rd WCh U20 Girls"]
[Site "Istanbul TUR"]
[Date "2005.11.20"]
[Round "11"]
[White "Zhang Jilin"]
[Black "Aketaeva, Dana"]
[Result "1-0"]
[WhiteElo "2334"]
[BlackElo "2256"]
[EventDate "2005.11.09"]
[PlyCount "77"]

1.e4 e5 2.Nf3 Nc6 3.d4 exd4 4.Nxd4 Bc5 5.Be3 Qf6 6.c3 Nge7 7.g3 d5 8.Bg2 
dxe4 9.Nd2 Bb6 10.Nxe4 Qg6 11.Nc5 Ne5 12.Nxb7 Rb8 13.Qa4+ c6 14.Na5 Nd3+ 
15.Kf1 Nxb2 16.Qa3 Qd3+ 17.Kg1 Bxa5 18.Nxc6 Nxc6 19.Bxc6+ Bd7 20.Bg5 f6 
21.Re1+ Kf7 22.Qe7+ Kg6 23.Be4+ Qxe4 24.Qxe4+ Bf5 25.Qf3 Nd3 26.Re7 Bd8 
27.Rxg7+ Kxg7 28.Qxf5 fxg5 29.Qxd3 Rb2 30.Qd7+ Kg6 31.Kg2 Bf6 32.Qxa7 Bxc3
33.h4 Bf6 34.hxg5 Bxg5 35.Qa6+ Kg7 36.Qa5 Bf6 37.Qc7+ Kg6 38.Rxh7 Rxh7 39.
Qc6 1-0

[Event "23rd WCh U20 Girls"]
[Site "Istanbul TUR"]
[Date "2005.11.21"]
[Round "12"]
[White "Aketaeva, Dana"]
[Black "Liu Pei"]
[Result "1-0"]
[WhiteElo "2256"]
[BlackElo "2283"]
[EventDate "2005.11.09"]
[PlyCount "109"]

1.e4 c6 2.d4 d5 3.Nd2 dxe4 4.Nxe4 Nd7 5.Ng5 Ngf6 6.Bd3 e6 7.N1f3 Bd6 8.Qe2
h6 9.Ne4 Nxe4 10.Qxe4 Nf6 11.Qe2 Qc7 12.Bd2 b6 13.O-O-O Bb7 14.Kb1 O-O-O 
15.c4 c5 16.Bc3 Kb8 17.Bc2 Ka8 18.dxc5 bxc5 19.Rhe1 Rhe8 20.Ne5 Bxe5 21.
Bxe5 Qb6 22.f4 a6 23.g4 Rxd1+ 24.Rxd1 Rd8 25.Rxd8+ Qxd8 26.h4 Ka7 27.a3 
Nd7 28.Qd1 f6 29.Bd6 Qb6 30.Ka2 Bf3 31.Bxc5 Bxd1 32.Bxb6+ Nxb6 33.Bxd1 
Nxc4 34.Bb3 Ne3 35.Bxe6 Ng2 36.h5 Nxf4 37.Bf5 Kb6 38.b4 Ne2 39.Kb3 Nd4+ 
40.Kc4 Nb5 41.a4 Nc7 42.Bd7 Na8 43.a5+ Kc7 44.Bf5 Kd6 45.b5 Nc7 46.b6 Nb5 
47.Bc8 Kc6 48.Bxa6 Nd6+ 49.Kd4 f5 50.b7 Kc7 51.Ke5 Ne4 52.Kxf5 Nc5 53.Bf1 
Nxb7 54.a6 Nd6+ 55.Kg6 1-0

[Event "23rd WCh U20 Girls"]
[Site "Istanbul TUR"]
[Date "2005.11.21"]
[Round "12"]
[White "Alimova, Maral"]
[Black "Bulmaga, Irina"]
[Result "0-1"]
[WhiteElo "2053"]
[BlackElo "2122"]
[EventDate "2005.11.09"]
[PlyCount "54"]

1.d4 c5 2.dxc5 e6 3.a3 Bxc5 4.Nf3 Nc6 5.c4 Nf6 6.b4 Be7 7.Bb2 b6 8.g3 Bb7 
9.Bg2 O-O 10.O-O d5 11.cxd5 Nxd5 12.e4 Nf6 13.Qe2 Rc8 14.Nc3 Qc7 15.Rac1 
Qb8 16.Rfd1 Rfd8 17.Nb1 Rxd1+ 18.Rxd1 Rd8 19.Rc1 Qa8 20.Nbd2 Rd7 21.Nb3 
Nxe4 22.Qxe4 Nd4 23.Qxb7 Ne2+ 24.Kf1 Qxb7 25.Nfd4 Qb8 26.Nc6 Nxc1 27.Nxb8 
Rd1# 0-1

[Event "23rd WCh U20 Girls"]
[Site "Istanbul TUR"]
[Date "2005.11.21"]
[Round "12"]
[White "Bensdorp, Laura"]
[Black "Gilbert, Jessie"]
[Result "1-0"]
[WhiteElo "2090"]
[BlackElo "2148"]
[EventDate "2005.11.09"]
[PlyCount "109"]

1.e4 c6 2.d4 d5 3.Nc3 dxe4 4.Nxe4 Nf6 5.Nxf6+ exf6 6.c3 Bd6 7.Bd3 O-O 8.
Ne2 Bg4 9.Be3 Bh5 10.Qc2 Bg6 11.O-O-O Qa5 12.Kb1 Nd7 13.h4 b5 14.h5 Bxd3 
15.Qxd3 Nb6 16.h6 g6 17.Bf4 Be7 18.Bc1 Rfd8 19.Qe4 Nd5 20.Nf4 Bf8 21.Qf3 
b4 22.Nxd5 Qxd5 23.Qxd5 cxd5 24.Rd3 Rac8 25.Be3 Rc6 26.cxb4 Bxb4 27.Rc1 
Rxc1+ 28.Kxc1 Ba5 29.Rb3 Bb6 30.Kd2 Kf8 31.Kd3 Ke7 32.a4 Ke6 33.Bd2 Rb8 
34.Ra3 f5 35.b4 Bd8 36.Ra1 Bf6 37.Rc1 Rd8 38.b5 g5 39.Bb4 Kd7 40.Rc5 Ke8 
41.Ba5 Rd7 42.Rc8+ Bd8 43.Ra8 f4 44.Bxd8 Rxd8 45.Rxa7 Rd6 46.a5 Rxh6 47.a6
Kd8 48.Rb7 Kc8 49.Rxf7 Kb8 50.Kc3 g4 51.Kb4 f3 52.gxf3 gxf3 53.Kc5 Rg6 54.
b6 Rg8 55.Kb5 1-0

[Event "23rd WCh U20 Girls"]
[Site "Istanbul TUR"]
[Date "2005.11.21"]
[Round "12"]
[White "Bensdorp, Marlies"]
[Black "Pourkashiyan, Atousa"]
[Result "1/2-1/2"]
[WhiteElo "2199"]
[BlackElo "2271"]
[EventDate "2005.11.09"]
[PlyCount "40"]

1.d4 d5 2.c4 e6 3.Nc3 Nf6 4.cxd5 exd5 5.Bg5 Be7 6.e3 c6 7.Bd3 Nbd7 8.Qc2 
Nf8 9.Nf3 g6 10.h3 Ne6 11.Bh4 Ng7 12.Bg3 Bf5 13.O-O O-O 14.Rab1 Bxd3 15.
Qxd3 Nf5 16.Bh2 Bd6 17.b4 a6 18.a4 Bxh2+ 19.Nxh2 b5 20.Nf3 Nd6 1/2-1/2

[Event "23rd WCh U20 Girls"]
[Site "Istanbul TUR"]
[Date "2005.11.21"]
[Round "12"]
[White "Dukic, Sandra"]
[Black "Ursic, Simona"]
[Result "1-0"]
[WhiteElo "2140"]
[BlackElo "2040"]
[EventDate "2005.11.09"]
[PlyCount "65"]

1.d4 Nf6 2.c4 d6 3.Nc3 Nbd7 4.e4 e5 5.h3 Be7 6.g4 O-O 7.d5 Nc5 8.Bg2 a5 9.
Be3 Bd7 10.Qd2 Qb8 11.Nge2 c6 12.Ng3 cxd5 13.exd5 Rc8 14.Qe2 Qc7 15.O-O 
Na6 16.f4 exf4 17.Rxf4 Rf8 18.Bd4 h6 19.Qf2 Nh7 20.Rf1 Be8 21.Nf5 Bg5 22.
Bxg7 Bxf4 23.Qxf4 Bd7 24.Bxf8 Qb6+ 25.Kh1 Bxf5 26.Qxf5 Rxf8 27.Be4 Ng5 28.
h4 Qe3 29.hxg5 Qh3+ 30.Kg1 Qg3+ 31.Bg2 Qe3+ 32.Qf2 Qxg5 33.Ne4 1-0

[Event "23rd WCh U20 Girls"]
[Site "Istanbul TUR"]
[Date "2005.11.21"]
[Round "12"]
[White "Dudas, Eszter"]
[Black "Gevorgian, Irina"]
[Result "0-1"]
[WhiteElo "2010"]
[BlackElo "2099"]
[EventDate "2005.11.09"]
[PlyCount "110"]

1.e4 c5 2.c3 d5 3.exd5 Qxd5 4.d4 Nf6 5.Nf3 Bg4 6.Be2 e6 7.O-O Nc6 8.h3 Bh5
9.Be3 cxd4 10.cxd4 Be7 11.Nc3 Qd6 12.Qb3 O-O 13.a3 Rac8 14.Rfd1 Rfd8 15.
Rac1 Qb8 16.d5 exd5 17.Nxd5 Nxd5 18.Rxd5 Rxd5 19.Qxd5 Bg6 20.Qc4 Bd6 21.
Qa4 h6 22.Nh4 Bh7 23.Qg4 Kh8 24.Nf5 Be5 25.Bc4 Qc7 26.b4 a6 27.b5 axb5 28.
Bxb5 Rd8 29.Nd4 h5 30.Qd1 Qd6 31.Bxc6 bxc6 32.Qxh5 Bxd4 33.Bxd4 Qxd4 34.
Qxf7 c5 35.Qc7 Rd5 36.Qc6 Re5 37.a4 Be4 38.Qc8+ Kh7 39.Qg4 Bg6 40.Qg3 c4 
41.Kh2 Rf5 42.Kg1 Qf4 43.Qxf4 Rxf4 44.a5 Bd3 45.f3 Rf6 46.Kf2 Re6 47.g4 
Re2+ 48.Kg3 Ra2 49.f4 Rxa5 50.f5 Re5 51.h4 Re2 52.h5 Kh6 53.Kh4 Re4 54.Rc3
Be2 55.Rg3 Rxg4+ 0-1

[Event "23rd WCh U20 Girls"]
[Site "Istanbul TUR"]
[Date "2005.11.21"]
[Round "12"]
[White "Dzagnidze, Nana"]
[Black "Kadziolka, Beata"]
[Result "1/2-1/2"]
[WhiteElo "2443"]
[BlackElo "2352"]
[EventDate "2005.11.09"]
[PlyCount "85"]

1.Nf3 g6 2.d4 Bg7 3.e4 c5 4.d5 d6 5.Be2 Nf6 6.Nc3 O-O 7.O-O e6 8.Bg5 h6 9.
Bh4 g5 10.Bg3 exd5 11.exd5 Nh5 12.Nd2 Nxg3 13.fxg3 Nd7 14.Bg4 Ne5 15.Bf5 
Bxf5 16.Rxf5 b5 17.Qh5 Nc4 18.Nxc4 bxc4 19.Ne4 Qe7 20.Re1 Kh8 21.Re2 Rae8 
22.c3 Qd7 23.Rf6 Kg8 24.Rxd6 Qf5 25.Qf3 Qxf3 26.gxf3 f5 27.Nf6+ Bxf6 28.
Rxe8 Rxe8 29.Rxf6 Re2 30.Rc6 Rxb2 31.Rxc5 Rd2 32.Rxc4 Rxd5 33.Rc8+ Kg7 34.
Rc7+ Kg6 35.Rxa7 Rd3 36.Ra6+ Kh5 37.Rc6 Rxf3 38.a4 Rd3 39.Rc4 Rd1+ 40.Kf2 
Rd2+ 41.Kg1 Rd1+ 42.Kg2 Rd2+ 43.Kf3 1/2-1/2

[Event "23rd WCh U20 Girls"]
[Site "Istanbul TUR"]
[Date "2005.11.21"]
[Round "12"]
[White "Frank-Nielsen, Marie"]
[Black "Brekke, Jorunn"]
[Result "1-0"]
[WhiteElo "1919"]
[BlackElo "1972"]
[EventDate "2005.11.09"]
[PlyCount "91"]

1.e4 e5 2.d4 exd4 3.Bc4 Nc6 4.Nf3 Bb4+ 5.c3 dxc3 6.bxc3 Bc5 7.Bxf7+ Kxf7 
8.Qd5+ Kf8 9.Qxc5+ d6 10.Qe3 Nf6 11.O-O h6 12.Ba3 Kf7 13.Rd1 Re8 14.e5 Bg4
15.h3 Bxf3 16.Qxf3 Rxe5 17.Nd2 Kg8 18.Rab1 Na5 19.c4 Rb8 20.Bb2 Re6 21.Qf5
Re5 22.Bxe5 dxe5 23.Qxe5 b6 24.Ne4 Qf8 25.Nxf6+ Qxf6 26.Qxf6 gxf6 27.Rd7 
Rc8 28.Rbd1 c5 29.Rd8+ Rxd8 30.Rxd8+ Kf7 31.Rd7+ Ke6 32.Rxa7 Nxc4 33.Kf1 
Ke5 34.Rd7 Ke6 35.Rd1 Nd6 36.Ke2 Kd7 37.Kd3 Kc6 38.Re1 c4+ 39.Kd4 Kb5 40.
Re6 Nf5+ 41.Kc3 Kc5 42.Rxf6 Ne7 43.Rxh6 Nd5+ 44.Kb2 Kb4 45.Rd6 Kc5 46.
Rxd5+ 1-0

[Event "23rd WCh U20 Girls"]
[Site "Istanbul TUR"]
[Date "2005.11.21"]
[Round "12"]
[White "Gregorova, Zuzana"]
[Black "Plazaola, Maria de los Angeles"]
[Result "1-0"]
[WhiteElo "2183"]
[BlackElo "2087"]
[EventDate "2005.11.09"]
[PlyCount "81"]

1.e4 c5 2.Nf3 Nc6 3.d4 cxd4 4.Nxd4 e5 5.Nb5 d6 6.Be3 Nf6 7.Bg5 Be6 8.Nd2 
a6 9.Nc3 Rc8 10.Nc4 Nd4 11.Ne3 Be7 12.Bxf6 Bxf6 13.Bd3 O-O 14.Ncd5 Bg5 15.
c3 Nc6 16.O-O g6 17.Qe2 f5 18.exf5 gxf5 19.f4 Bh6 20.Bxf5 Rxf5 21.Qg4+ Kh8
22.Nxf5 Qa5 23.Qh5 Bxf4 24.Nxf4 exf4 25.Rxf4 Rf8 26.Raf1 Qe5 27.Qf3 Bd5 
28.Qf2 Rg8 29.Ng3 Bxa2 30.Rf8 Qc5 31.Rxg8+ Kxg8 32.Ne4 Qxf2+ 33.Rxf2 d5 
34.Nc5 b6 35.Nxa6 Bc4 36.Nc7 Kg7 37.Ne8+ Kg8 38.Rf6 Ne7 39.Rxb6 Ng6 40.Rb7
Bd3 41.Nf6+ 1-0

[Event "23rd WCh U20 Girls"]
[Site "Istanbul TUR"]
[Date "2005.11.21"]
[Round "12"]
[White "Khotenashvili, Bela"]
[Black "Baskite, Viktoria"]
[Result "1-0"]
[WhiteElo "2288"]
[BlackElo "2173"]
[EventDate "2005.11.09"]
[PlyCount "79"]

1.Nf3 e6 2.g3 b6 3.Bg2 Bb7 4.d4 f5 5.c4 Bb4+ 6.Nc3 Nf6 7.O-O O-O 8.a3 Bxc3
9.bxc3 h6 10.a4 Be4 11.Ne1 d6 12.f3 Bb7 13.a5 Qc8 14.Qa4 c5 15.Nd3 Nbd7 
16.a6 Bc6 17.Qa2 Re8 18.Rd1 Rb8 19.Be3 Kh7 20.Bf2 Qc7 21.Bh3 g6 22.Be3 Nf8
23.Qd2 Qg7 24.dxc5 dxc5 25.Ne5 Ne4 26.fxe4 Qxe5 27.Bg2 Rbd8 28.Qc2 g5 29.
Rf1 Kg7 30.Rf2 Bxe4 31.Bxe4 Qxe4 32.Qxe4 fxe4 33.Raf1 Nd7 34.Rf7+ Kg6 35.
Kg2 e5 36.h4 Re6 37.h5+ Kxh5 38.Rg7 Kg4 39.Rd1 Rf6 40.Rdxd7 1-0

[Event "23rd WCh U20 Girls"]
[Site "Istanbul TUR"]
[Date "2005.11.21"]
[Round "12"]
[White "Khukhashvili, Sopiko"]
[Black "Gutierrez Castillo, Paloma"]
[Result "1-0"]
[WhiteElo "2362"]
[BlackElo "2127"]
[EventDate "2005.11.09"]
[PlyCount "59"]

1.e4 e5 2.Nf3 Nc6 3.d4 exd4 4.Nxd4 Bb4+ 5.c3 Bc5 6.Be3 Bb6 7.Nf5 Qf6 8.
Bxb6 cxb6 9.Ne3 Nge7 10.Be2 O-O 11.O-O d6 12.Na3 Be6 13.f4 Qh6 14.Nb5 Rac8
15.g4 g6 16.g5 Qg7 17.Nd5 Bxd5 18.exd5 Nf5 19.dxc6 bxc6 20.Nxa7 Ra8 21.
Nxc6 Ne3 22.Qd4 Nxf1 23.Bxf1 Qxd4+ 24.Nxd4 Rfe8 25.Bg2 Ra5 26.b4 Ra6 27.
Bc6 Re3 28.Nb5 h6 29.gxh6 Kh7 30.a4 1-0

[Event "23rd WCh U20 Girls"]
[Site "Istanbul TUR"]
[Date "2005.11.21"]
[Round "12"]
[White "Motoc, Alina"]
[Black "Kruttika, Nadig"]
[Result "1/2-1/2"]
[WhiteElo "2313"]
[BlackElo "2224"]
[EventDate "2005.11.09"]
[PlyCount "74"]

1.b3 d5 2.Bb2 Nf6 3.e3 e6 4.Nf3 Be7 5.Ne5 O-O 6.f4 c5 7.Bd3 Ne4 8.O-O f6 
9.Nf3 b6 10.c4 Bb7 11.f5 e5 12.Nh4 Qd7 13.Qh5 a5 14.Rf3 Ng5 15.Rg3 e4 16.
Be2 d4 17.Ng6 Rd8 18.h4 Nf7 19.Nf4 Bd6 20.Na3 Bxf4 21.exf4 Nd6 22.Nb5 Nxb5
23.cxb5 Bd5 24.Bc4 Qf7 25.Qg4 Ra7 26.h5 h6 27.Qe2 a4 28.Re1 axb3 29.axb3 
Re8 30.Rh3 Ra2 31.Bc1 Bxc4 32.bxc4 Rc2 33.Ba3 d3 34.Qg4 Rxc4 35.Bb2 Rc2 
36.Bc3 Nd7 37.Rhe3 Ra2 1/2-1/2